[Event "12.PSF-A"]
[Site "Prague"]
[Date "2016.06.20"]
[Round "2.10"]
[White "Pribyl, Viktor"]
[Black "Brcak, Marek"]
[Result "0-1"]
[WhiteElo "1892"]
[BlackElo "1866"]
[PlyCount "48"]
[EventDate "2016.06.25"]
[EventType "swiss"]
[EventRounds "9"]
[EventCountry "CZE"]

1. d4 d5 2. Bf4 Bf5 3. e3 e6 4. c4 Nf6 5. Nc3 c6 6. Qb3 Qb6 7. c5 Qxb3 8. axb3
Nbd7 9. h3 h6 10. b4 g5 11. Bh2 Bg7 12. b5 Ne4 13. bxc6 bxc6 14. Ba6 Ndxc5 15.
Nxe4 Bxe4 16. f3 Nxa6 17. Rxa6 Bg6 18. Rxc6 O-O 19. Ne2 Rfc8 20. Rxc8+ Rxc8 21.
Kf2 Rc2 22. b4 Bd3 23. Re1 Bf8 24. Bb8 Bxb4 0-1

[Event "12.PSF-A"]
[Site "Prague"]
[Date "2016.06.20"]
[Round "2.11"]
[White "Aubrecht, Petr"]
[Black "Pribylova, Sofie"]
[Result "0-1"]
[WhiteElo "1890"]
[BlackElo "1854"]
[PlyCount "78"]
[EventDate "2016.06.25"]
[EventType "swiss"]
[EventRounds "9"]
[EventCountry "CZE"]

1. b3 d5 2. Bb2 Bf5 3. e3 e6 4. f4 Nf6 5. Nf3 Bd6 6. Be2 O-O 7. O-O Bc5 8. Kh1
Nbd7 9. a4 c6 10. Na3 Ne4 11. Qe1 Bb4 12. c3 Be7 13. d3 Nec5 14. Qd1 a5 15. d4
Ne4 16. Nb1 Bg4 17. Nbd2 f5 18. Nxe4 fxe4 19. Ne5 Bxe2 20. Qxe2 Rf6 21. Ba3
Bxa3 22. Nxd7 Qxd7 23. Rxa3 Qe7 24. Raa1 Rff8 25. g4 h6 26. Rf2 Rf7 27. Raf1
Raf8 28. h3 Qa3 29. Qc2 Qd6 30. c4 Qe7 31. c5 Qh4 32. Kg2 g5 33. fxg5 Rf3 34.
Rxf3 Rxf3 35. Rxf3 exf3+ 36. Kh2 Qxg5 37. Qf2 e5 38. Qxf3 exd4 39. exd4 Qd2+ {
cas} 0-1

[Event "12.PSF-A"]
[Site "Prague"]
[Date "2016.06.20"]
[Round "2.12"]
[White "Hejsek, Lukas"]
[Black "Matras, Ondrej"]
[Result "0-1"]
[WhiteElo "1633"]
[BlackElo "2257"]
[PlyCount "42"]
[EventDate "2016.06.25"]
[EventType "swiss"]
[EventRounds "9"]
[EventCountry "CZE"]

1. e4 e6 2. d4 d5 3. exd5 exd5 4. c4 c6 5. Nf3 Bd6 6. Bd3 Nf6 7. O-O O-O 8. Nc3
dxc4 9. Bxc4 Nbd7 10. Bg5 Nb6 11. Bd3 h6 12. Bh4 Bg4 13. Ne4 Be7 14. Nxf6+ Bxf6
15. Bxf6 Qxf6 16. Be2 Rad8 17. Rc1 Bxf3 18. Bxf3 Rxd4 19. Qb3 Rfd8 20. Rfe1 g6
21. Qc3 Kg7 0-1

[Event "12.PSF-A"]
[Site "Prague"]
[Date "2016.06.20"]
[Round "2.13"]
[White "Plchot, Miroslav"]
[Black "Mach, Petr"]
[Result "1-0"]
[WhiteElo "1884"]
[BlackElo "1699"]
[PlyCount "121"]
[EventDate "2016.06.25"]
[EventType "swiss"]
[EventRounds "9"]
[EventCountry "CZE"]

1. d4 e6 2. Bf4 c5 3. e3 cxd4 4. exd4 Nf6 5. Nc3 Bb4 6. a3 Bxc3+ 7. bxc3 Nc6 8.
Bd6 Ne4 9. Bb4 Nxb4 10. cxb4 d5 11. Bd3 Nf6 12. Nf3 Bd7 13. O-O Rc8 14. h3 O-O
15. Qd2 Qb6 16. a4 Rc7 17. Ne5 Rfc8 18. Rfb1 Qd6 19. Qe1 Ne4 20. Bxe4 dxe4 21.
Qxe4 Rxc2 22. Qxb7 Qxd4 23. Nxd7 R8c7 24. Qf3 Qxd7 25. Rd1 Qc8 26. Rd3 Rc1+ 27.
Rxc1 Rxc1+ 28. Kh2 h6 29. b5 Qc7+ 30. Qg3 Kf8 31. Qxc7 Rxc7 32. Rd6 Ke7 33. Ra6
Kd8 34. Kg3 Kc8 35. h4 Kb7 36. h5 Rc3+ 37. f3 Rc4 38. f4 Rc3+ 39. Kg4 Rc4 40.
g3 e5 41. Kf5 exf4 42. gxf4 Rc5+ 43. Kg4 Rc4 44. Kf3 Rc5 45. Kg4 Rd5 46. Rc6
Rd2 47. a5 Rd7 48. a6+ Kb8 49. Rc5 Rd6 50. Re5 Rd7 51. Re8+ Kc7 52. Ra8 Kd6 53.
Rg8 Kc5 54. Rb8 Rc7 55. Kf5 Kd6 56. b6 axb6 57. Rxb6+ Rc6 58. a7 g6+ 59. hxg6
fxg6+ 60. Kxg6 Rxb6 61. a8=Q 1-0

[Event "12.PSF-A"]
[Site "Prague"]
[Date "2016.06.20"]
[Round "2.14"]
[White "Hacaperka, Michal"]
[Black "Kozlova, Lucie"]
[Result "1-0"]
[WhiteElo "1861"]
[BlackElo "1636"]
[PlyCount "87"]
[EventDate "2016.06.25"]
[EventType "swiss"]
[EventRounds "9"]
[EventCountry "CZE"]

1. e4 e5 2. Nf3 Nc6 3. Bb5 Nd4 4. Nxd4 exd4 5. d3 Bb4+ 6. c3 dxc3 7. Nxc3 c6 8.
Bc4 d5 9. exd5 b5 10. Bb3 Bxc3+ 11. bxc3 cxd5 12. O-O Be6 13. Re1 Ne7 14. Bg5
Qd7 15. Qf3 O-O 16. Bxe7 Qxe7 17. Bxd5 Rac8 18. c4 bxc4 19. Bxc4 Qd6 20. Bxe6
fxe6 21. Qe3 Rcd8 22. Rad1 Qa3 23. Qxe6+ Kh8 24. Qb3 Qa5 25. Re3 Qf5 26. Qc2
Rd4 27. Rf3 Rf4 28. Rxf4 Qxf4 29. Qe2 h6 30. Qe3 Qa4 31. Qd2 Rb8 32. h3 Rb2 33.
Qxb2 Qxd1+ 34. Kh2 Qxd3 35. Qb8+ Kh7 36. Qxa7 Qd6+ 37. g3 h5 38. h4 Qd2 39. a4
Kg6 40. a5 Qe2 41. a6 Qb5 42. Qb7 Qe5 43. Kg2 Kf6 44. a7 1-0

[Event "12.PSF-A"]
[Site "Prague"]
[Date "2016.06.20"]
[Round "2.15"]
[White "Mach, st. Petr"]
[Black "Ayriyan, Bella"]
[Result "1/2-1/2"]
[WhiteElo "1688"]
[BlackElo "1858"]
[PlyCount "65"]
[EventDate "2016.06.25"]
[EventType "swiss"]
[EventRounds "9"]
[EventCountry "CZE"]

1. d4 d5 2. Nf3 e6 3. c4 Nf6 4. Nc3 Be7 5. Bg5 Nbd7 6. e3 O-O 7. cxd5 exd5 8.
Bd3 h6 9. Bh4 b6 10. O-O Bb7 11. Qc2 Re8 12. Bg3 a6 13. Rac1 Bd6 14. Bxd6 cxd6
15. Qb3 Rc8 16. Bf5 Rc7 17. Na4 b5 18. Bxd7 Qxd7 19. Rxc7 Qxc7 20. Nc3 Rc8 21.
Rd1 Bc6 22. Ne1 Qb7 23. Nd3 a5 24. a3 Ne4 25. Ne2 Qe7 26. Rc1 Qg5 27. Qd1 Bd7
28. Rxc8+ Bxc8 29. Nc3 Bh3 30. Nf4 Bg4 31. f3 Nxc3 32. bxc3 Bd7 33. Qd3 1/2-1/2

[Event "12.PSF-A"]
[Site "Prague"]
[Date "2016.06.20"]
[Round "2.16"]
[White "Veselsky, Jan"]
[Black "Kunc, Jan"]
[Result "0-1"]
[WhiteElo "1662"]
[BlackElo "1770"]
[PlyCount "64"]
[EventDate "2016.06.25"]
[EventType "swiss"]
[EventRounds "9"]
[EventCountry "CZE"]

1. d4 Nf6 2. c4 g6 3. Nc3 Bg7 4. e4 d6 5. Nf3 O-O 6. Be2 Nbd7 7. O-O e5 8. Re1
Ne8 9. Bf1 c6 10. Be3 Qc7 11. Rc1 h6 12. b4 Kh7 13. b5 f5 14. dxe5 Nxe5 15. Nd4
f4 16. Bd2 Qe7 17. Nf3 Bg4 18. Rb1 Bxf3 19. gxf3 Rf7 20. Qe2 Qh4 21. Red1 g5
22. bxc6 bxc6 23. Bg2 g4 24. Be1 gxf3 25. Bxf3 Qh3 26. Bg2 Qxg2+ 27. Kxg2 f3+
28. Kf1 fxe2+ 29. Nxe2 Nxc4 30. Rd3 Ne5 31. Rdb3 Nf3 32. Rb7 Rxb7 0-1

[Event "12.PSF-A"]
[Site "Prague"]
[Date "2016.06.20"]
[Round "2.17"]
[White "Martirosyan, Ara"]
[Black "Ruzicka, Filip"]
[Result "1-0"]
[WhiteElo "1767"]
[BlackElo "1570"]
[PlyCount "61"]
[EventDate "2016.06.25"]
[EventType "swiss"]
[EventRounds "9"]
[EventCountry "CZE"]

1. e4 c5 2. Nf3 a6 3. d4 cxd4 4. Nxd4 e5 5. Nf3 Nf6 6. Nc3 Nc6 7. Bg5 Bb4 8.
Qd3 O-O 9. Be2 Bxc3+ 10. bxc3 h6 11. Bh4 d6 12. Rd1 Be6 13. O-O Rb8 14. a4 Qa5
15. Bxf6 gxf6 16. Qe3 Kh7 17. Bd3 Qxc3 18. Nh4 Nb4 19. Qf3 Nxd3 20. Rxd3 Qc8
21. Rxd6 f5 22. exf5 Qc7 23. Rfd1 Bc8 24. Qh5 f6 25. Qg6+ Kh8 26. Qxh6+ Kg8 27.
Ng6 Qg7 28. Qxg7+ Kxg7 29. Nxf8 Kxf8 30. Rd8+ Ke7 31. h4 1-0

[Event "12.PSF-A"]
[Site "Prague"]
[Date "2016.06.20"]
[Round "3.1"]
[White "Gregor, Jiri"]
[Black "Kulhanek, Tomas"]
[Result "0-1"]
[WhiteElo "2234"]
[BlackElo "2367"]
[PlyCount "60"]
[EventDate "2016.06.25"]
[EventType "swiss"]
[EventRounds "9"]
[EventCountry "CZE"]
[WhiteClock "0:16:22"]
[BlackClock "0:42:12"]

1. d4 d6 2. c4 e5 3. Nc3 Nd7 4. Nf3 Ngf6 5. e4 Be7 6. Be2 O-O 7. O-O c6 8. Re1
Qe8 9. Bf1 Bd8 10. a3 a5 11. Bg5 h6 12. Bh4 Bc7 13. Bg3 Qe7 14. Nh4 g6 15. Qd2
Kh7 16. Nf3 Nh5 17. Bh4 Ndf6 18. Kh1 Rd8 19. Ng1 Bb6 20. Nge2 g5 21. Bg3 Nxg3+
22. hxg3 a4 23. f3 exd4 24. Nxd4 Qe5 25. Nce2 g4 26. Qf4 Qh5+ 27. Kg1 Qg6 28.
Red1 Nh5 29. Qe3 gxf3 30. gxf3 Nxg3 0-1

[Event "12.PSF-A"]
[Site "Prague"]
[Date "2016.06.20"]
[Round "3.2"]
[White "Vichnar, David"]
[Black "Haba, Zdenek"]
[Result "1-0"]
[WhiteElo "2346"]
[BlackElo "2233"]
[PlyCount "103"]
[EventDate "2016.06.25"]
[EventType "swiss"]
[EventRounds "9"]
[EventCountry "CZE"]
[WhiteClock "0:37:56"]
[BlackClock "0:25:25"]

1. d4 Nf6 2. c4 g6 3. g3 c5 4. d5 Bg7 5. Bg2 d6 6. e4 O-O 7. Ne2 e6 8. Nbc3
exd5 9. cxd5 Re8 10. Qc2 Bd7 11. a4 Na6 12. Bf4 Nb4 13. Qd2 Qc7 14. O-O a6 15.
a5 Nh5 16. Bh6 Bxh6 17. Qxh6 Bb5 18. Nxb5 axb5 19. Nc3 Rxa5 20. e5 Rxa1 21.
Rxa1 dxe5 22. Rd1 f5 23. d6 Qd7 24. Qg5 Kg7 25. Qe3 b6 26. Nxb5 e4 27. Bf1 Nf6
28. Nc7 Rd8 29. Bc4 Nc2 30. Qc3 Nd4 31. Rxd4 cxd4 32. Qxd4 g5 33. Be6 Qc6 34.
Nd5 Qxd5 35. Bxd5 Rxd6 36. Qb4 Rxd5 37. Qxb6 f4 38. gxf4 gxf4 39. Qc7+ Kg6 40.
Qxf4 Rg5+ 41. Kf1 h5 42. Qd6 Rd5 43. Qc6 Rd1+ 44. Ke2 Rb1 45. Qc2 Rh1 46. b4
Rxh2 47. b5 Kf5 48. b6 Ng4 49. Qc5+ Ke6 50. b7 e3 51. b8=Q Rxf2+ 52. Ke1 {Kd5}
1-0

[Event "12.PSF-A"]
[Site "Prague"]
[Date "2016.06.20"]
[Round "3.3"]
[White "Ptacnikova, Lenka"]
[Black "Postupa, Pavel"]
[Result "1/2-1/2"]
[WhiteElo "2169"]
[BlackElo "2241"]
[PlyCount "116"]
[EventDate "2016.06.25"]
[EventType "swiss"]
[EventRounds "9"]
[EventCountry "CZE"]
[WhiteClock "0:17:28"]
[BlackClock "0:04:55"]

1. c4 e5 2. g3 Nf6 3. Bg2 d5 4. cxd5 Nxd5 5. Nf3 Nc6 6. O-O Nb6 7. d3 Be7 8.
Nc3 O-O 9. b3 Be6 10. Bb2 f6 11. Rc1 Qd7 12. Ne4 Rfd8 13. Qc2 Rac8 14. Nc5 Bxc5
15. Qxc5 Qf7 16. Rfd1 a5 17. Nd2 Bd5 18. Nc4 Bxg2 19. Kxg2 Qd5+ 20. Qxd5+ Nxd5
21. Nd2 Nde7 22. Ne4 b6 23. f4 exf4 24. gxf4 Nd4 25. Kf2 c5 26. Rg1 Kf7 27. Rc4
Ne6 28. Kf3 Rd5 29. a3 Rcd8 30. Nf2 Rf5 31. e3 g5 32. Ng4 Kg6 33. Ke2 h6 34.
fxg5 hxg5 35. Re4 Rd6 36. h4 Nd5 37. hxg5 Nxg5 38. Re8 b5 39. Ra8 Re6 40. Rg8+
Kh7 41. Nxf6+ Rfxf6 42. Bxf6 Rxe3+ 43. Kd1 Kxg8 44. Rxg5+ Kf7 45. Rxd5 Kxf6 46.
Rxc5 Rxd3+ 47. Kc2 Rh3 48. Rxb5 a4 49. bxa4 Rxa3 50. Rb4 Ke6 51. Kb2 Rd3 52.
Rc4 Kd7 53. Rc1 Rd6 54. Rc5 Rc6 55. Rh5 Kc7 56. Kb3 Kb6 57. Kb4 Rg6 58. Rh4 Ka6
1/2-1/2

[Event "12.PSF-A"]
[Site "Prague"]
[Date "2016.06.20"]
[Round "3.4"]
[White "Fiser, Jiri"]
[Black "Kiss, Pal"]
[Result "0-1"]
[WhiteElo "1981"]
[BlackElo "2290"]
[PlyCount "94"]
[EventDate "2016.06.25"]
[EventType "swiss"]
[EventRounds "9"]
[EventCountry "CZE"]
[WhiteClock "0:37:41"]
[BlackClock "0:17:53"]

1. b3 d5 2. Bb2 Nf6 3. e3 c5 4. Nf3 Nc6 5. Bb5 Bd7 6. O-O e6 7. Bxc6 Bxc6 8.
Ne5 Rc8 9. d3 Be7 10. Nd2 O-O 11. f4 Nd7 12. Qg4 g6 13. Nxc6 Rxc6 14. e4 Bf6
15. e5 Bg7 16. a4 f5 17. Qe2 Rf7 18. g4 Qh4 19. g5 h6 20. Bc1 hxg5 21. Nf3 Qh5
22. Rf2 g4 23. Ng5 Re7 24. h3 Bh6 25. hxg4 Qxg4+ 26. Qxg4 fxg4 27. Re2 Bxg5 28.
fxg5 Rf7 29. Bd2 Rf5 30. Rae1 Rc8 31. Kg2 Rf3 32. Rh1 Rcf8 33. Rh4 g3 34. Be1
R3f5 35. Bxg3 Rxg5 36. Re1 Rff5 37. Reh1 Rh5 38. Rxh5 gxh5 39. Re1 Kf7 40. c3
Nb8 41. d4 cxd4 42. cxd4 Nc6 43. Rd1 Kg6 44. Bf2 Rf4 45. Be3 Rg4+ 46. Kf3 Kf5
47. Rh1 h4 0-1

[Event "12.PSF-A"]
[Site "Prague"]
[Date "2016.06.20"]
[Round "3.5"]
[White "Pribylova, Sofie"]
[Black "Benes, Petr"]
[Result "0-1"]
[WhiteElo "1854"]
[BlackElo "2015"]
[PlyCount "54"]
[EventDate "2016.06.25"]
[EventType "swiss"]
[EventRounds "9"]
[EventCountry "CZE"]

1. d4 Nf6 2. Bf4 d6 3. e3 g6 4. h3 Bg7 5. Nf3 O-O 6. Be2 c5 7. c3 b6 8. Nbd2
Bb7 9. O-O Nbd7 10. a4 a6 11. Bd3 e5 12. dxe5 dxe5 13. Bxe5 Nxe5 14. Nxe5 Nh5
15. Ndf3 Qc7 16. Nc4 Rad8 17. Qe2 Rfe8 18. Qc2 Bxf3 19. gxf3 Qd7 20. Be4 Qxh3
21. f4 Qe6 22. Bd3 Qg4+ 23. Kh1 Nxf4 24. exf4 Qf3+ 25. Kg1 Qg4+ 26. Kh1 Rd5 27.
f3 Rh5+ 0-1

[Event "12.PSF-A"]
[Site "Prague"]
[Date "2016.06.20"]
[Round "3.6"]
[White "Janacek, Jaroslav"]
[Black "Vardan, Nagpal"]
[Result "1/2-1/2"]
[WhiteElo "2008"]
[BlackElo "1864"]
[PlyCount "97"]
[EventDate "2016.06.25"]
[EventType "swiss"]
[EventRounds "9"]
[EventCountry "CZE"]

1. Nf3 d5 2. c4 d4 3. e3 Nc6 4. b4 dxe3 5. fxe3 Nxb4 6. d4 e5 7. a3 e4 8. axb4
exf3 9. Qxf3 Bxb4+ 10. Bd2 Bxd2+ 11. Nxd2 Nf6 12. Bd3 O-O 13. O-O c5 14. d5 Qe7
15. h3 Re8 16. e4 Nd7 17. Qe3 Ne5 18. Be2 b6 19. Ra3 Qd6 20. Qf2 Bd7 21. Rfa1
a5 22. Nb1 Ra6 23. Nc3 Re7 24. Rb1 Be8 25. Nb5 Bxb5 26. Rxb5 Nd7 27. Bf3 Qf4
28. Qb2 h6 29. Rbb3 Qe5 30. Rc3 Qd6 31. Qb5 Nb8 32. Re3 Re5 33. Bg4 h5 34. Bf3
g6 35. g4 h4 36. Bd1 Re7 37. Qb2 Nd7 38. Ba4 Ne5 39. Bb5 Ra8 40. Qf2 g5 41. Qf5
f6 42. Ra4 Kg7 43. Ra1 Rd8 44. Rb1 Ng6 45. Ba4 Qe5 46. Qxe5 Nxe5 47. Rc3 Nf7
48. Re3 Rd6 49. Bc2 1/2-1/2

[Event "12.PSF-A"]
[Site "Prague"]
[Date "2016.06.20"]
[Round "3.7"]
[White "Brcak, Marek"]
[Black "Doring, Robert"]
[Result "1/2-1/2"]
[WhiteElo "1866"]
[BlackElo "2159"]
[PlyCount "75"]
[EventDate "2016.06.25"]
[EventType "swiss"]
[EventRounds "9"]
[EventCountry "CZE"]

1. e4 e5 2. Nf3 Nc6 3. Bc4 Nf6 4. d3 Be7 5. O-O O-O 6. Re1 d6 7. c3 Bg4 8. Nbd2
a6 9. Bb3 d5 10. exd5 Nxd5 11. h3 Bh5 12. Nf1 f6 13. Ng3 Bf7 14. d4 exd4 15.
Nxd4 Ne5 16. Ndf5 Re8 17. Nxe7+ Nxe7 18. Bxf7+ Kxf7 19. Bf4 Qxd1 20. Raxd1 N7g6
21. Bxe5 fxe5 22. Rd7+ Re7 23. Red1 Ke6 24. Rxe7+ Kxe7 25. Ne4 b6 26. g3 Rf8
27. Kf1 h6 28. Ke2 Ke6 29. c4 Ne7 30. c5 b5 31. c6 Nxc6 32. Nc5+ Kf5 33. Rd7
Kg6 34. Rxc7 Nd4+ 35. Kf1 a5 36. Nb3 Nxb3 37. axb3 Rb8 38. Ra7 1/2-1/2

[Event "12.PSF-A"]
[Site "Prague"]
[Date "2016.06.20"]
[Round "3.8"]
[White "Matras, Ondrej"]
[Black "Plchot, Miroslav"]
[Result "1-0"]
[WhiteElo "2257"]
[BlackElo "1884"]
[PlyCount "77"]
[EventDate "2016.06.25"]
[EventType "swiss"]
[EventRounds "9"]
[EventCountry "CZE"]

1. d4 Nf6 2. c4 e5 3. dxe5 Ng4 4. Bf4 Bb4+ 5. Nd2 Nc6 6. Ngf3 Qe7 7. e3 Ngxe5
8. Nxe5 Nxe5 9. Be2 d6 10. O-O Bxd2 11. Qxd2 O-O 12. b4 b6 13. Rfc1 a5 14. c5
dxc5 15. bxc5 Bf5 16. cxb6 cxb6 17. Qd4 f6 18. Qxb6 Rfb8 19. Qc5 Qxc5 20. Rxc5
Rb2 21. Bxe5 Rxe2 22. Bxf6 gxf6 23. Rxf5 Kg7 24. a4 Kg6 25. Rb5 Rc2 26. g3 h5
27. h4 Rd2 28. Rc1 Ra2 29. Rc4 Ra7 30. Rf4 Ra6 31. Kg2 Ra3 32. Kf3 Ra2 33. Rd4
Ra8 34. Rb6 Rc8 35. Rf4 Rcc2 36. Kg2 Ra3 37. Rfxf6+ Kg7 38. Rf5 Rxe3 39. Rxh5
1-0

[Event "12.PSF-A"]
[Site "Prague"]
[Date "2016.06.20"]
[Round "3.9"]
[White "Istona, Martin"]
[Black "Hacaperka, Michal"]
[Result "1-0"]
[WhiteElo "2173"]
[BlackElo "1861"]
[PlyCount "51"]
[EventDate "2016.06.25"]
[EventType "swiss"]
[EventRounds "9"]
[EventCountry "CZE"]

1. e4 c5 2. Nf3 d6 3. d4 cxd4 4. Nxd4 Nf6 5. Nc3 a6 6. Bg5 e6 7. f4 Be7 8. Qf3
O-O 9. O-O-O Qc7 10. g4 Nc6 11. Nxc6 bxc6 12. Bh4 a5 13. Bd3 Rd8 14. f5 h6 15.
g5 hxg5 16. Bxg5 Ba6 17. Rhg1 Kf8 18. fxe6 fxe6 19. e5 dxe5 20. Ne4 Bxd3 21.
cxd3 Rd4 22. Rdf1 Qd8 23. Qh5 Kg8 24. Bxf6 Rxe4 25. Rxg7+ Kf8 26. Qh8# 1-0

[Event "12.PSF-A"]
[Site "Prague"]
[Date "2016.06.20"]
[Round "3.10"]
[White "Kunc, Jan"]
[Black "Pochinkov, Andrey"]
[Result "0-1"]
[WhiteElo "1770"]
[BlackElo "2125"]
[PlyCount "172"]
[EventDate "2016.06.25"]
[EventType "swiss"]
[EventRounds "9"]
[EventCountry "CZE"]

1. e4 e6 2. d4 d5 3. Nc3 Bb4 4. e5 c5 5. a3 Bxc3+ 6. bxc3 Ne7 7. Qg4 Kf8 8. Nf3
Qa5 9. Bd2 Qa4 10. Ra2 h6 11. h4 b6 12. h5 Ba6 13. Bxa6 Qxa6 14. Rh3 Qc4 15.
Rb2 Nbc6 16. Qf4 Kg8 17. g4 Rf8 18. Rg3 f6 19. exf6 Rxf6 20. Qe3 g5 21. Bc1 Kg7
22. Rb3 Rhf8 23. a4 Rf4 24. Nd2 cxd4 25. Nxc4 dxe3 26. Nxe3 Rxa4 27. Bb2 Raf4
28. c4+ d4 29. Nd1 e5 30. c3 Kf7 31. cxd4 Nxd4 32. Bxd4 exd4 33. Rbd3 Nc6 34.
Nb2 Ke6 35. Rd2 Kd6 36. Nd3 Re4+ 37. Kd1 Na5 38. Rc2 Rc8 39. Nb2 Nc6 40. Nd3 a5
41. c5+ bxc5 42. Nxc5 Rf4 43. Nb7+ Kd7 44. Ra2 Ra8 45. Nc5+ Kd6 46. Nd3 Rf7 47.
Ra4 Kd5 48. Kd2 Ne5 49. Ke2 Nc4 50. Nb4+ Kc5 51. Nd3+ Kb5 52. Rxc4 Re8+ 53. Ne5
Rxe5+ 54. Kd3 Rxf2 55. Rxd4 Re1 56. Kc3 Rc1+ 57. Kd3 Rd1+ 58. Kc3 Rxd4 59. Kxd4
Kb4 60. Rg1 Rf4+ 61. Kd3 a4 62. Rb1+ Kc5 63. Rc1+ Kd5 64. Rc8 Rxg4 65. Rh8 Rg3+
66. Kc2 Kc4 67. Rxh6 Rg2+ 68. Kb1 Rh2 69. Rh8 Kb3 70. Rb8+ Kc3 71. Rc8+ Kd3 72.
Rh8 Ke3 73. h6 Kf3 74. h7 Kg4 75. Kc1 a3 76. Kb1 Rh5 77. Ka2 Kh4 78. Kxa3 g4
79. Kb3 g3 80. Kc3 Kh3 81. Kd3 g2 82. Rg8 Rxh7 83. Ke3 Kh2 84. Kf2 g1=Q+ 85.
Rxg1 Rf7+ 86. Ke3 Kxg1 0-1

[Event "12.PSF-A"]
[Site "Prague"]
[Date "2016.06.20"]
[Round "3.11"]
[White "Vystrcil, Martin"]
[Black "Martirosyan, Ara"]
[Result "1-0"]
[WhiteElo "2033"]
[BlackElo "1767"]
[PlyCount "103"]
[EventDate "2016.06.25"]
[EventType "swiss"]
[EventRounds "9"]
[EventCountry "CZE"]

1. e4 c5 2. Nf3 d6 3. d4 cxd4 4. Nxd4 Nf6 5. Nc3 a6 6. Be2 e5 7. Nb3 Be7 8. Bg5
Be6 9. O-O O-O 10. Bxf6 Bxf6 11. Nd5 Bxd5 12. Qxd5 Qc7 13. c3 Nc6 14. a4 Rad8
15. Bc4 Rc8 16. Qd1 Rfd8 17. Bd5 g6 18. Qd3 Kg7 19. Rfd1 Ne7 20. g3 Qb6 21. Kg2
Rc7 22. a5 Qa7 23. Ra4 Nc6 24. Rda1 Qb8 25. R1a3 Na7 26. Nd2 Nb5 27. Rb3 h5 28.
Rab4 Rdd7 29. Nc4 Be7 30. h4 Bf8 31. Na3 Nxa3 32. Rxa3 Qa7 33. Rb6 Be7 34. Rab3
Qa8 35. R3b4 Qc8 36. Qd1 Qa8 37. Qb3 Qd8 38. Bxb7 Rc5 39. Qa4 Rdc7 40. Rxa6 d5
41. exd5 Rxb7 42. d6 Rxb4 43. cxb4 Rc1 44. Rc6 Qa8 45. b5 Rxc6 46. bxc6 Bxd6
47. Qb5 Kf6 48. a6 Ke7 49. Qb6 Ke6 50. a7 Be7 51. Qb7 Qd8 52. Qd7+ 1-0

[Event "12.PSF-A"]
[Site "Prague"]
[Date "2016.06.20"]
[Round "3.12"]
[White "Fabian, Jan"]
[Black "Ruzicka, Ondrej"]
[Result "1-0"]
[WhiteElo "1302"]
[BlackElo "1927"]
[PlyCount "69"]
[EventDate "2016.06.25"]
[EventType "swiss"]
[EventRounds "9"]
[EventCountry "CZE"]

1. e4 c5 2. Nc3 e6 3. d3 Nc6 4. f4 a6 5. a4 d5 6. Nf3 dxe4 7. dxe4 Qxd1+ 8.
Nxd1 Nb4 9. Ne3 Nf6 10. c3 Nc6 11. Bd3 Be7 12. g4 Rb8 13. a5 Bd8 14. g5 Nd7 15.
Nc4 Bc7 16. Be3 O-O 17. O-O f5 18. e5 Ne7 19. Nh4 h6 20. Ng2 Nd5 21. h4 b5 22.
axb6 Bxb6 23. b4 Nxe3 24. Ngxe3 Ba7 25. gxh6 gxh6 26. Kf2 Nb6 27. Nxb6 Rxb6 28.
Nc4 Rc6 29. Be2 Bb7 30. Rfd1 Rf7 31. Rd6 Rcc7 32. Rad1 Bd5 33. Rd2 a5 34. Ra6
Rb7 35. Rxa5 {To se neda lustit. Bily vyhral v 78.tahu} 1-0

[Event "12.PSF-A"]
[Site "Prague"]
[Date "2016.06.20"]
[Round "3.13"]
[White "Lhotsky, Zdenek"]
[Black "Hernandez, Yanez Javier"]
[Result "1-0"]
[WhiteElo "1684"]
[BlackElo "1919"]
[PlyCount "145"]
[EventDate "2016.06.25"]
[EventType "swiss"]
[EventRounds "9"]
[EventCountry "CZE"]

1. e4 e6 2. d4 d5 3. Nc3 Bb4 4. Bd2 dxe4 5. Qg4 Nf6 6. Qxg7 Rg8 7. Qh6 Rg6 8.
Qe3 Nc6 9. Nge2 b6 10. h3 Bb7 11. O-O-O Ne7 12. Nxe4 Bxd2+ 13. Nxd2 Nf5 14. Qf4
Qd7 15. Nf3 Nd5 16. Qd2 f6 17. Nf4 Nxf4 18. Qxf4 O-O-O 19. g4 Ne7 20. Be2 Qa4
21. Kb1 Nd5 22. Qd2 Rg7 23. Rhe1 Rgd7 24. c3 e5 25. Bd3 Nxc3+ 26. Qxc3 Bxf3 27.
Bc2 Bxd1 28. Bxa4 Bxa4 29. b3 Bb5 30. dxe5 fxe5 31. Qxe5 Bd3+ 32. Kb2 Bg6 33.
Re2 Rd1 34. a3 Bd3 35. Re3 Rd2+ 36. Kc3 Rc2+ 37. Kb4 Rd4+ 38. Qxd4 c5+ 39. Ka4
cxd4 40. Rxd3 Rxf2 41. Rxd4 Rh2 42. Rd3 Kc7 43. Rf3 Kc6 44. Rf6+ Kd5 45. Rh6
Re2 46. Rxh7 a6 47. b4 Re3 48. Rh5+ Kc4 49. b5 axb5+ 50. Rxb5 Rxh3 51. Rxb6 Rg3
52. Rb8 Kc5 53. Rc8+ Kd6 54. Rc4 Kd5 55. Rb4 Kc5 56. Rb5+ Kc6 57. Rg5 Re3 58.
Rg6+ Kc5 59. g5 Re4+ 60. Ka5 Re8 61. a4 Ra8+ 62. Ra6 Rg8 63. g6 Rg7 64. Ra8
Rxg6 65. Rc8+ Kd6 66. Kb6 Rg1 67. Rd8+ Ke7 68. Rd5 Rb1+ 69. Rb5 Ra1 70. a5 Kd6
71. a6 Rh1 72. a7 Rh8 73. Ra5 1-0

[Event "12.PSF-A"]
[Site "Prague"]
[Date "2016.06.20"]
[Round "3.14"]
[White "Ayriyan, Bella"]
[Black "Giacometto, Mario"]
[Result "1-0"]
[WhiteElo "1858"]
[BlackElo "1906"]
[PlyCount "65"]
[EventDate "2016.06.25"]
[EventType "swiss"]
[EventRounds "9"]
[EventCountry "CZE"]

1. e4 e6 2. Nf3 d5 3. e5 Bd7 4. d4 c5 5. c3 Nc6 6. Be3 b6 7. Bd3 f6 8. Ng5 g6
9. Nxh7 f5 10. Nxf8 Kxf8 11. dxc5 Nxe5 12. Bd4 Nxd3+ 13. Qxd3 Rh7 14. cxb6 axb6
15. Qg3 Be8 16. O-O Ne7 17. Nd2 Nc6 18. Nf3 Rh5 19. Rfe1 Bf7 20. Ne5 Nxe5 21.
Qxe5 Rh7 22. Re3 Qb8 23. a4 Qxe5 24. Rxe5 b5 25. a5 Ra6 26. b4 Ke7 27. c4 dxc4
28. Rxb5 Be8 29. Rb7+ Bd7 30. b5 Ra8 31. a6 Kd8 32. b6 Kc8 33. Rc7+ 1-0

[Event "12.PSF-A"]
[Site "Prague"]
[Date "2016.06.20"]
[Round "3.15"]
[White "Docekalova, Alexandra"]
[Black "Pribyl, Viktor"]
[Result "1-0"]
[WhiteElo "1855"]
[BlackElo "1892"]
[PlyCount "89"]
[EventDate "2016.06.25"]
[EventType "swiss"]
[EventRounds "9"]
[EventCountry "CZE"]

1. e3 d5 2. d4 Bf5 3. Bd3 Bxd3 4. Qxd3 e6 5. Nf3 Nd7 6. O-O f5 7. c4 c6 8. Nc3
Ngf6 9. cxd5 cxd5 10. Ng5 Qb6 11. a4 h6 12. a5 Qc6 13. Nh3 a6 14. Nf4 g5 15.
Ng6 Rg8 16. Nxf8 Rxf8 17. f3 h5 18. Re1 g4 19. e4 fxe4 20. fxe4 O-O-O 21. Bg5
Rde8 22. Rac1 Kb8 23. Nxd5 Qxc1 24. Rxc1 exd5 25. Bf4+ Ka8 26. Bd6 dxe4 27. Qb3
Rc8 28. Rf1 Rfe8 29. Be5 Nxe5 30. dxe5 Nd7 31. Rf7 Nc5 32. Qd5 Red8 33. Qc4 e3
34. Qe2 Nb3 35. Qxe3 Rc1+ 36. Rf1 Rxf1+ 37. Kxf1 Nxa5 38. Qg5 Rh8 39. e6 Nc6
40. Qg6 Rf8+ 41. Ke1 Rh8 42. Qf7 Kb8 43. e7 Nxe7 44. Qxe7 Ka8 45. Kd2 1-0

[Event "12.PSF-A"]
[Site "Prague"]
[Date "2016.06.20"]
[Round "3.16"]
[White "Hejsek, Lukas"]
[Black "Aubrecht, Petr"]
[Result "0-1"]
[WhiteElo "1633"]
[BlackElo "1890"]
[PlyCount "66"]
[EventDate "2016.06.25"]
[EventType "swiss"]
[EventRounds "9"]
[EventCountry "CZE"]

1. e4 c5 2. b3 e6 3. Bb2 d5 4. e5 Nc6 5. f4 b6 6. Nf3 Bb7 7. Be2 Qd7 8. O-O
O-O-O 9. d4 Nh6 10. Kh1 Nf5 11. Qd2 Nfxd4 12. Nxd4 cxd4 13. Bxd4 Nxd4 14. Qxd4
Bc5 15. Qd2 Kb8 16. Nc3 Qc6 17. Bb5 Qc7 18. Na4 Be7 19. Qe2 h5 20. Bd3 f5 21.
c4 d4 22. Qf2 g5 23. Rg1 gxf4 24. Qxf4 Rhg8 25. Qf2 Bg5 26. Rge1 Be3 27. Rxe3
dxe3 28. Qxe3 h4 29. Bf1 h3 30. Qxh3 Qxe5 31. Qc3 Rd4 32. c5 Rh8 33. h3 bxc5
0-1